000 00323 a2200157 4500
001 188643
020 _a978-85-7616-222-3
040 _cMagnum
100 _aTezuka, Osamu
240 1 0 _aAdolf 5
_lpor
245 1 0 _aAdolf 5
300 _a246
362 0 _a2007
697 _aLITERATURA JUVENIL ESTRANGEIRA
942 _cBK
999 _c188643
_d188643